[Event "Bayern-A U16"]
[Site "Oberhaching"]
[Date "2006.08.10"]
[Round "8"]
[White "Seyb, Alexander"]
[Black "Hammerschmidt, Andreas"]
[Result "1-0"]
[WhiteElo "2095"]
[BlackElo "1830"]
[PlyCount "47"]
[EventDate "2006.08.06"]
[EventType "tourn"]
[EventRounds "9"]
[EventCountry "GER"]
[SourceTitle "EXT 2007"]
[Source "ChessBase"]
[SourceDate "2006.11.23"]
[SourceVersion "1"]
[SourceVersionDate "2006.11.23"]
[SourceQuality "1"]

1. e4 e5 2. Nf3 Nc6 3. d4 exd4 4. Nxd4 Bc5 5. Be3 Qf6 6. c3 Nge7 7. g3 Nxd4 8. cxd4 Bb4+ 9. Nc3 c6 10. Bg2 d5 11. 0-0 Bxc3 12. e5 Qg6 13. bxc3 Bf5 14. Qb3 Rb8 15. e6 b6 16. Qa3 Qxe6 17. Qxa7 Qc8 18. Qa3 Rb7 19. Bf4 0-0 20. Bd6 Re8 21. Rfe1 Qd7 22. Rxe7 Rxe7 23. Bxe7 Qxe7 24. Qa8+ 1-0

[Event "GER-chT U16"]
[Site "Verden"]
[Date "2003.07.06"]
[Round "3.4"]
[White "Reinkemeier, Fabian"]
[Black "Hammerschmidt, Andreas"]
[Result "1-0"]
[WhiteElo "1032"]
[BlackElo "1175"]
[PlyCount "107"]
[EventDate "2003.07.05"]
[EventType "team"]
[EventRounds "7"]
[EventCountry "GER"]
[SourceTitle "EXT 2005"]
[Source "ChessBase"]
[SourceDate "2004.11.15"]
[SourceVersion "1"]
[SourceVersionDate "2004.11.15"]
[SourceQuality "1"]

1. e4 e5 2. Nf3 Nc6 3. Bb5 a6 4. Bxc6 dxc6 5. Nxe5 Qd4 6. Nf3 Qxe4+ 7. Qe2 Qxe2+ 8. Kxe2 Nf6 9. Re1 Bg4 10. g3 0-0-0 11. d3 Re8+ 12. Be3 Bc5 13. c4 Bxe3 14. fxe3 Re7 15. Kf2 Bh5 16. h3 Bg6 17. d4 Ne4+ 18. Kg2 Rhe8 19. b3 Nd6 20. Kf2 Be4 21. c5 Nf5 22. g4 Bxf3 23. gxf5 Be4 24. Nd2 Bxf5 25. Kf3 Bxh3 26. Rh1 Rxe3+ 27. Kf4 h6 28. Rhg1 g5+ 29. Rxg5 hxg5+ 30. Kxg5 R3e5+ 31. Kh4 Rg8 32. dxe5 Be6 33. b4 b6 34. a3 Kd7 35. Re1 Rg2 36. Rd1 Rg4+ 37. Kh5 Rg3 38. Ne4+ Ke7 39. Nxg3 f6 40. exf6+ Kxf6 41. Rd8 Bf7+ 42. Kh4 Bc4 43. Ne4+ Ke5 44. Nc3 Bb3 45. a4 Bd5 46. Nxd5 cxd5 47. Re8+ Kd4 48. cxb6 cxb6 49. Rc8 Ke4 50. Rb8 d4 51. Rxb6 d3 52. Rd6 Ke3 53. b5 axb5 54. axb5 1-0

[Event "Niedersachsen-chT U12"]
[Site "Verden"]
[Date "2002.06.17"]
[Round "5.3"]
[White "Wall, Henrik"]
[Black "Hammerschmidt, Andreas"]
[Result "1/2-1/2"]
[WhiteElo "1456"]
[BlackElo "1523"]
[PlyCount "90"]
[EventDate "2002.06.15"]
[EventType "team-tourn"]
[EventRounds "7"]
[EventCountry "GER"]
[SourceTitle "EXT 2003"]
[Source "ChessBase"]
[SourceDate "2002.11.25"]
[SourceVersion "1"]
[SourceVersionDate "2002.11.25"]
[SourceQuality "1"]

1. e4 e5 2. Nf3 Nc6 3. Bc4 Bc5 4. d3 Nf6 5. Bg5 0-0 6. Nc3 h6 7. Bh4 Qe8 8. Bxf6 gxf6 9. Nd5 Qd8 10. 0-0 d6 11. h3 f5 12. Nd2 fxe4 13. Nxe4 Kh8 14. Qh5 Kg7 15. c3 Ne7 16. Nef6 Nxd5 17. Nxd5 c6 18. Ne3 Qg5 19. Qxg5+ hxg5 20. b4 Bb6 21. a4 a5 22. b5 d5 23. Bb3 cxb5 24. Nxd5 Bc5 25. axb5 Rd8 26. c4 f5 27. g3 Rh8 28. Kg2 f4 29. g4 Bd4 30. Ra2 Bd7 31. f3 Rh7 32. Rh1 b6 33. Rh2 Rah8 34. Rh1 Kf7 35. Rc2 Ra8 36. Nc3 Ke7 37. Na4 Kd6 38. Rhc1 Rc8 39. Ba2 Be3 40. Rd1 Rch8 41. Rh1 Bc5 42. Rd2 Be3 43. Rc2 Rd8 44. Rc3 Bd4 45. Rb3 Be6 1/2-1/2

[Event "Niedersachsen-chT U12"]
[Site "Verden"]
[Date "2002.06.15"]
[Round "1.3"]
[White "Hammerschmidt, Andreas"]
[Black "Flauss, Jessica"]
[Result "1-0"]
[WhiteElo "1523"]
[BlackElo "571"]
[PlyCount "69"]
[EventDate "2002.06.15"]
[EventType "team-tourn"]
[EventRounds "7"]
[EventCountry "GER"]
[SourceTitle "EXT 2003"]
[Source "ChessBase"]
[SourceDate "2002.11.25"]
[SourceVersion "1"]
[SourceVersionDate "2002.11.25"]
[SourceQuality "1"]

1. e4 e5 2. Nf3 Nc6 3. Bc4 Bc5 4. c3 a6 5. d4 exd4 6. cxd4 Ba7 7. Nc3 d6 8. Ng5 Be6 9. Qf3 Nf6 10. d5 Bg4 11. Qf4 Ne5 12. b3 Bd4 13. Bb2 h6 14. Nh3 g5 15. Qd2 Bxc3 16. Qxc3 Nxe4 17. Qd4 f5 18. f3 c5 19. Qe3 Nxc4 20. bxc4 Bxh3 21. gxh3 Qe7 22. Bxh8 f4 23. Qxe4 Qxe4+ 24. fxe4 0-0-0 25. Bc3 Re8 26. Ba5 Rxe4+ 27. Kf2 Rxc4 28. Rae1 Rc2+ 29. Re2 Rc4 30. Re8+ Kd7 31. Rhe1 Rc2+ 32. Kf3 g4+ 33. hxg4 Rf2+ 34. Kxf2 b6 35. R1e7# 1-0